000 01622nam a2200361 c 4500
003 BLK
005 20210806165826.0
008 180412b bul|||||r ||||||| ||bul||
010 _aKNG00003979000
020 _a954-638-008-3
_bиздат.: Софи-Р
040 _aBLK
041 _aBUL
_cBUL
080 _aСемейно право. Наследствено право. - Семейство, женитба, брак, права и задължения на съпрузите, разторгване на брак и др.
_b347.6
_x(497.2)(075.8)
_z347.6(497.2)(075.8)
100 1 _aНенова, Лиляна Димитрова
_eпърви автор
_9246558
139 _aНенова, Лиляна Димитрова
_bН 55
245 1 0 _aСемейно право на Република България
_bУчебник за студентите от СУ Св. Климент Охридски
_cЛиляна Димитрова Ненова.
250 _a2. осн. прераб. изд.
257 _aBGR
260 София
_bСофи-Р
_c1994
300 _a704 с.
_c20 см
380 _a3
500 _a1. изд. 1977 [деп. 1978] на изд. Наука и изкуство. - 7 000 тир.
650 4 _aСемейно право - България - учебници за ВУЗ
_9246559
651 4 _aБългария
_9241624
653 _aправо
653 _aрепублика
653 _aБългария
852 _aЦб 178270
856 4 _qpdf
_u
856 4 _qpdf
_u
942 _cKNG
_n0
_01
944 _aCR
_c15.01.2003
_kКети_Илиева
944 _aED
_c08.11.2016
_kСимона_Петрова
999 _c2948
_d2948